Z jakiego kraju pochodzi ten piłkarz - Statystyki

Ogólne statystyki
  • Ten quiz został rozwiązany 556 razy
  • Średni wynik to 12 z 15
Statystyki odpowiedzi
Hint Odpowiedź % Poprawnych
Maldini Włochy
96%
Maradona Argentyna
95%
Rivaldo Brazylia
95%
Zidane Francja
94%
Van Der Sar Holandia
93%
Inzaghi Włochy
86%
Campbell Anglia
85%
Nakata Japonia
85%
Makelele Francja
79%
Hagi Rumunia
77%
Laudrup Dania
76%
Dalglish Szkocja
76%
Nedves Czechy
69%
Essien Ghana
64%
Valderrama Kolumbia
61%
Nie znaleziono quizów pasujących do podanych kryteriów
Rozkład punktacji
Procent ludzi z każdym wynikiem
Percentyl według liczby udzielonych odpowiedzi
Twoja historia wyników
Nie rozwiązałeś tego quizu